| 000 | 00401nam a2200133Ia 4500 | ||
|---|---|---|---|
| 008 | 220204s9999 xx 000 0 und d | ||
| 082 |
_a581.5:614.71 _bMAN;1 |
||
| 245 | 0 | _aEffects of air pollutants on plants | |
| 260 |
_aLondon _bCambridge University _c1976 |
||
| 490 | _aSociety for experimental biology seminar series 1 | ||
| 650 | _aPlants air pollutants | ||
| 700 | _aMANSFIELD, T A | ||
| 942 | _cBK | ||
| 999 |
_c29845 _d29845 |
||